|
|
|
|
| LEADER |
00931nam a2200241 a 4500 |
| 001 |
1615849 |
| 008 |
090726s1999 nyu 000 0 eng d |
| 010 |
|
|
|a 41019125
|
| 020 |
|
|
|a 1853260614
|
| 040 |
|
|
|a DLC
|c DZM
|d m.c.
|d ORE
|
| 082 |
0 |
4 |
|a 823.8
|2 20
|
| 100 |
1 |
|
|a Stevenson, Robert Louis.
|
| 245 |
1 |
0 |
|a Dr. Jekyll and Mr. Hyde :
|b the merry men and other tales and fables,
|c by Robert Louis Stevenson & introduction and notes by Tim Middleton.
|
| 260 |
|
|
|a london ;
|b Wordsworth Classis,
|c c1999.
|
| 300 |
|
|
|a xx, 232 p. ;
|c 19 cm.
|
| 490 |
0 |
|
|a Wordsworth Classis
|
| 500 |
|
|
|a Selected Stories.
|
| 541 |
1 |
|
|e 00015853
|
| 653 |
1 |
|
|a English fiction
|
| 700 |
1 |
|
|a Middleton, Tim
|
| 852 |
4 |
|
|a Ayesha Abed Library
|j General Shelf.
|
| 999 |
|
|
|c 2845
|d 2845
|
| 952 |
|
|
|0 0
|1 0
|2 ddc
|4 0
|6 823_800000000000000_STE_1999
|7 0
|9 2600
|a BRACUL
|b BRACUL
|c GEN
|d 2009-07-26
|g 152.00
|l 16
|m 110
|o 823.8 STE
|p 3010015853
|r 2026-01-27
|s 2025-11-04
|t 1
|v 304.00
|w 2009-07-26
|y BK
|